00584nam a22001817a 450000500170000001000150001702000260003202000230005803500130008103700130009408200110010710000190011824500970013726000460023427000400028030000320032050000500035220170418161700.0 aENG-109839 a9789351480075c480.00 a9351480070c480.00 aEN-93372 bDBAD/PUB a280.64 aCrosse, Gordon00aThe religious drama :cby Gordon Crosse ban art of the church (beginning to 17th century) / aNew DelhibChristian World Imprintsc2014 aH-12, Bali NagarbNew Delhie110015 axvi,184p. :c22cm(Hb)bill. aIncludes bibliographical references and index